[Event "Tourn. n9069"]
[Site "www.chess-mail.com"]
[Date "2016.12.25"]
[Round "1"]
[White "Libiesse"]
[Black "Liencam2"]
[WhiteElo "2070"]
[BlackElo "2290"]
[Result "0-1"]
[Round "1"]
1.d4 Ng8f6
2.c4 g6
3.Nb1c3 Bf8g7
4.Ng1f3 O-O
5.Bc1g5 c5
6.d5 h6
7.Bg5xf6 Bg7xf6
8.Qd1c2 d6
9.e4 Bc8g4
10.Bf1e2 Nb8d7
11.O-O a6
12.Ra1e1 Ra8b8
13.b3 Qd8a5
14.Nc3d1 b5
15.Nd1e3 Bg4xf3
16.Be2xf3 Nd7e5
17.Bf3d1 bxc4
18.f4 cxb3
19.axb3 Ne5d7
20.Bd1g4 Rf8d8
21.Re1a1 Bf6xa1
{ resign }
0-1

[Event "Tourn. n9121"]
[Site "www.chess-mail.com"]
[Date "2016.12.25"]
[Round "1"]
[White "Norlavuaram"]
[Black "Roohbakhsh"]
[WhiteElo "2190"]
[BlackElo "2190"]
[Result "1-0"]
[Round "1"]
1.e4 c5
2.Ng1f3 d6
3.d4 cxd4
4.Nf3xd4 Ng8f6
5.Nb1c3 Nb8c6
6.Bf1c4 Qd8b6
7.Nd4xc6 bxc6
8.O-O g6
9.Bc4b3 Bf8g7
10.Bc1e3 Qb6c7
11.h3 O-O
12.Qd1d2 Bc8e6
13.Bb3xe6 fxe6
14.f4 Ra8b8
15.Ra1b1 c5
16.e5 dxe5
17.fxe5 Nf6d7
18.Nc3e4 Bg7xe5
19.c3 Rb8d8
20.Rf1xf8 Rd8xf8
21.Rb1d1 Nd7f6
22.Ne4xc5 Qc7c6
23.b4 Nf6e4
24.Nc5xe4 Qc6xe4
25.Be3h6 Rf8b8
26.Rd1e1 Qe4f5
27.Qd2e3 Rb8b6
28.Re1f1 Be5h2
29.Kxh2 Qf5xf1
30.Qe3d4 { resign }
1-0

[Event "Tourn. n9097"]
[Site "www.chess-mail.com"]
[Date "2016.12.25"]
[Round "1"]
[White "Piekki"]
[Black "Aperturaf"]
[WhiteElo "2290"]
[BlackElo "2350"]
[Result "0-1"]
[Round "1"]
1.e4 e6
2.d4 d5
3.Nb1c3 Ng8f6
4.Bc1g5 dxe4
5.Nc3xe4 Bf8e7
6.Bg5xf6 Be7xf6
7.Ng1f3 O-O
8.Nf3e5 c5
9.c3 cxd4
10.Ne4xf6 gxf6
 { time }
0-1

[Event "Tourn. n9066"]
[Site "www.chess-mail.com"]
[Date "2016.12.25"]
[Round "1"]
[White "Greghghs"]
[Black "Maciekkam"]
[WhiteElo "2300"]
[BlackElo "2280"]
[Result "1-0"]
[Round "1"]
1.e4 c5
2.Ng1f3 g6
3.d4 cxd4
4.Nf3xd4 Nb8c6
5.c4 Bf8g7
6.Bc1e3 Ng8f6
7.Nb1c3 Nf6g4
8.Qd1xg4 Nc6xd4
9.Qg4d1 Nd4e6
10.Qd1d2 b6
11.Bf1e2 Bc8b7
12.O-O O-O
13.Be3h6 Bg7xh6
14.Qd2xh6 Ne6d4
15.Be2d3 f5
16.Rf1e1 e6
17.Ra1d1 Bb7c6
18.e5 Qd8c7
19.Qh6e3 f4
20.Qe3xd4 f3
21.Nc3e4 fxg2
22.Ne4f6 Kg7
23.Qd4h4 Rf8h8
24.Bd3e4 Bc6xe4
25.Rd1xd7 { resign }
1-0

[Event "Tourn. n9151"]
[Site "www.chess-mail.com"]
[Date "2016.12.25"]
[Round "1"]
[White "Bojan"]
[Black "Norlavuaram"]
[WhiteElo "2000"]
[BlackElo "2150"]
[Result "1/2-1/2"]
[Round "1"]
1.e4 e5
2.Ng1f3 Nb8c6
3.Bf1c4 Bf8e7
4.d4 d6
5.dxe5 dxe5
6.Qd1xd8 Be7xd8
7.Nb1c3 Ng8e7
8.a3 O-O
9.Nc3d5 Nc6d4
10.Nf3xd4 exd4
11.Nd5xe7 Bd8xe7
12.Bc1f4 c5
13.h3 a6
14.Bf4c7 Bc8d7
15.Bc4d5 Ra8c8
{ draw }
1/2-1/2

[Event "Tourn. n9032"]
[Site "www.chess-mail.com"]
[Date "2016.12.25"]
[Round "1"]
[White "Gimmyg"]
[Black "Seger"]
[WhiteElo "2480"]
[BlackElo "2780"]
[Result "0-1"]
[Round "1"]
1.Ng1f3 Ng8f6
2.b3 d5
3.Bc1b2 c5
4.e3 Nb8c6
5.Nf3e5 Nc6xe5
6.Bb2xe5 a6
7.Qd1f3 e6
8.c4 dxc4
9.Bf1xc4 Bf8d6
10.Be5xd6 Qd8xd6
11.Qf3g3 Qd6e7
12.O-O O-O
13.Bc4e2 e5
14.d3 Nf6d5
15.Nb1d2 Bc8f5
16.Qg3f3 Bf5e6
17.Qf3g3 f6
18.Ra1c1 Rf8d8
19.a3 a5
20.Qg3h4 b6
21.Be2d1 Ra8a7
22.Rf1e1 Qe7d7
23.Nd2c4 h6
24.Qh4g3 b5
25.Nc4d2 Ra7c7
26.Nd2e4 Qd7e7
27.Qg3h4 b4
28.a4 Kf8
29.f3 f5
30.Qh4xe7 Kxe7
31.Ne4xc5 Be6f7
32.d4 Nd5c3
33.Bd1e2 f4
34.Be2c4 fxe3
35.Re1xe3 Rd8xd4
36.Bc4xf7 Rc7xc5
37.Bf7c4 Kf6
38.Re3xc3 bxc3
39.Rc1xc3 Rd4d1
40.Kf2 Rd1d2
41.Kg3 g5
42.Rc3c1 h5
43.Kh3 Rc5c6
44.Rc1c3 Rc6d6
45.Bc4b5 Rd2a2
46.Bb5d3 Rd6d4
47.Kg3 Ke7
48.Kh3 Kd6
49.Kg3 Ra2b2
50.h3 h4
51.Kh2 Rb2d2
52.Bd3e4 Rd2e2
53.Rc3c6 Kd7
54.Rc6c1 Rd4d2
55.Rc1g1 Re2f2
56.Kh1 Rd2b2
57.Be4d5 Rf2d2
58.Bd5f7 Ke7
59.Bf7g8 Kf6
60.Kh2 Kf5
61.Kh1 Rd2f2
62.Bg8d5 Rb2d2
63.Bd5e4 Kf4
64.Kh2 Ke3
65.Be4a8 Kd4
66.Ba8b7 Kc3
{ resign }
0-1

[Event "Tourn. n9016"]
[Site "www.chess-mail.com"]
[Date "2016.12.25"]
[Round "1"]
[White "Gilliere"]
[Black "Awfen"]
[WhiteElo "2040"]
[BlackElo "2100"]
[Result "0-1"]
[Round "1"]
1.e4 e5
2.Ng1f3 Nb8c6
3.Bf1b5 d6
4.Bb5xc6 bxc6
5.h3 Bc8a6
6.d3 Ng8f6
7.Bc1g5 Bf8e7
8.Bg5xf6 Be7xf6
9.Nb1c3 O-O
10.O-O d5
11.exd5 cxd5
12.Rf1e1 Qd8d6
13.Nf3h2 Rf8e8
14.Nh2g4 Bf6g5
15.Nc3e2 h5
16.Ng4h2 c5
17.Nh2f3 Bg5e7
18.Ne2g3 h4
19.Ng3f5 Qd6f6
20.Nf5xe7 Re8xe7
21.Nf3h2 Ra8e8
22.Nh2g4 Qf6c6
23.Ng4h2 d4
24.Qd1h5 Ba6b7
25.f3 Re7e6
26.Qh5xh4 Re6h6
27.Qh4f2 f5
28.Re1e2 Qc6g6
29.Kf1 Qg6d6
30.Kg1 Qd6g6
31.Kh1 Qg6f6
32.Nh2f1 e4
33.dxe4 fxe4
34.fxe4 Qf6xf2
35.Re2xf2 Bb7xe4
36.Kg1 a5
37.Nf1g3 Be4d5
38.b3 Rh6e6
39.Kf1 a4
40.Ra1d1 axb3
41.axb3 Re6e3
42.Ng3f5 Re3e5
43.g4 Kh7
44.Nf5g3 Re5e3
45.c4 Re3xg3
46.cxd5 Rg3xh3
47.Rd1b1 Rh3h1
48.Kg2 Rh1xb1
49.Rf2f3 Re8e5
50.Kg3 Re5xd5
{ resign }
0-1

[Event "Tourn. n9136"]
[Site "www.chess-mail.com"]
[Date "2016.12.25"]
[Round "1"]
[White "Bojan"]
[Black "Norlavuaram"]
[WhiteElo "2010"]
[BlackElo "2240"]
[Result "1/2-1/2"]
[Round "1"]
1.b4 Ng8f6
2.Bc1b2 g6
3.Nb1c3 Bf8g7
4.d3 O-O
5.Ra1b1 d5
6.d4 Nb8d7
7.e3 e5
8.dxe5 Nd7xe5
9.Nc3b5 Rf8e8
10.h3 c6
11.Nb5d4 a5
12.a3 axb4
13.axb4 Nf6e4
14.Ng1f3 Qd8b6
15.c3 Qb6c7
16.Bf1d3 f5
17.Nf3xe5 Bg7xe5
18.f4 Be5g7
19.Nd4e2 Ra8a2
20.Bd3xe4 dxe4
21.Rh1f1 Bc8e6
22.Rf1f2 Re8d8
23.Qd1c2 Be6c4
24.Ne2d4 b6
25.Rb1a1 Ra2xa1
26.Bb2xa1 c5
27.Nd4b3 Qc7f7
28.Nb3d2 Rd8d3
29.bxc5 bxc5
30.Rf2e2 Qf7d5
31.Kf2 Qd5f7
32.Re2e1 Bc4e6
33.Re1b1 h6
34.g3 c4
35.Rb1b4 Qf7d7
36.Ke2 Qd7a7
37.Nd2xc4 Qa7xa1
38.Rb4b1 Qa1xc3
39.Qc2xc3 Rd3xc3
40.Nc4d6 Rc3c7
41.Nd6e8 Rc7e7
42.Rb1b8 Kh7
43.Ne8d6 Re7d7
44.Rb8b6 Be6g8
45.Nd6e8 Bg7c3
46.Rb6c6 Bc3g7
47.g4 Bg8f7
48.Ne8d6 Bf7d5
49.Rc6b6 fxg4
50.hxg4 Bg7f8
{ draw }
1/2-1/2

[Event "Tourn. n8992"]
[Site "www.chess-mail.com"]
[Date "2016.12.25"]
[Round "1"]
[White "Ejner"]
[Black "Ciappo"]
[WhiteElo "2450"]
[BlackElo "2510"]
[Result "1/2-1/2"]
[Round "1"]
1.d4 g6
2.e4 Bf8g7
3.c3 d6
4.Ng1f3 a6
5.Bf1e2 b5
6.a4 bxa4
7.Qd1xa4 Bc8d7
8.Qa4c2 Ng8f6
9.O-O O-O
10.Nb1d2 Nb8c6
11.Ra1xa6 e5
12.Ra6xa8 Qd8xa8
13.dxe5 dxe5
14.b4 Rf8e8
15.Bc1b2 Nc6d8
16.c4 Bd7g4
17.h3 Bg4xf3
18.Be2xf3 Qa8b8
19.b5 c6
20.bxc6 Nd8xc6
21.Rf1b1 Qb8c7
22.c5 Re8b8
23.Nd2c4 Bg7f8
24.Nc4e3 Nc6d4
25.Bb2xd4 Rb8xb1
26.Qc2xb1 exd4
27.Ne3d5 Nf6xd5
28.exd5 Qc7xc5
{ draw }
1/2-1/2

[Event "Tourn. n9135"]
[Site "www.chess-mail.com"]
[Date "2016.12.25"]
[Round "1"]
[White "Luban"]
[Black "Mitja"]
[WhiteElo "2060"]
[BlackElo "2010"]
[Result "1-0"]
[Round "1"]
1.d4 d5
2.Ng1f3 e6
3.e3 a6
4.a3 Ng8f6
5.c4 dxc4
6.Bf1xc4 Bf8e7
7.O-O h6
8.Nb1c3 O-O
9.e4 Nb8d7
10.h3 Nd7b6
11.Bc4a2 Bc8d7
12.Bc1e3 Rf8e8
13.Rf1e1 c6
14.Ra1c1 Qd8c7
15.d5 exd5
16.exd5 Ra8c8
17.d6 Be7xd6
18.Be3xb6 Qc7xb6
19.Qd1xd6 Qb6xb2
20.Nf3e5 { resign }
1-0

[Event "Tourn. n9000"]
[Site "www.chess-mail.com"]
[Date "2016.12.25"]
[Round "1"]
[White "Passaroa25"]
[Black "Jjmcbride"]
[WhiteElo "1510"]
[BlackElo "1390"]
[Result "0-1"]
[Round "1"]
1.e4 e5
2.c3 d5
3.d3 c5
4.Nb1d2 d4
5.Nd2c4 Nb8c6
6.Ng1e2 b5
7.Nc4d2 Bf8d6
8.Ne2g3 Ng8f6
9.f3 a5
10.Bf1e2 a4
11.a3 h5
12.Ng3f5 Bc8xf5
13.exf5 Qd8d7
14.Nd2e4 Nf6xe4
15.fxe4 c4
16.Bc1d2 dxc3
17.Bd2xc3 Bd6c5
18.Be2f3 cxd3
19.Qd1d2 O-O-O
20.O-O-O Rh8h6
21.Rh1e1 Rh6d6
22.Bf3xh5 Qd7b7
23.Kb1 b4
24.Bc3xe5 Nc6xe5
25.g4 Ne5f3
26.Qd2f4 Nf3xe1
27.Rd1xe1 bxa3
28.Qf4d2 axb2
29.Qd2xb2 Rd6b6
30.Qb2xb6 Qb7xb6
31.Kc1 d2
32.Kd1 Qb6b1
33.Ke2 dxe1Q
34.Kf3 Qb1xe4

0-1

[Event "Tourn. n9143"]
[Site "www.chess-mail.com"]
[Date "2016.12.25"]
[Round "1"]
[White "Bojan"]
[Black "Norlavuaram"]
[WhiteElo "2040"]
[BlackElo "2160"]
[Result "0-1"]
[Round "1"]
1.e4 e5
2.Ng1f3 Nb8c6
3.h3 Ng8f6
4.Nb1c3 Bf8b4
5.Nc3d5 O-O
6.Nd5xb4 Nc6xb4
7.c3 Nb4c6
8.d3 h6
9.Nf3h2 d5
10.exd5 Qd8xd5
11.Qd1f3 e4
12.dxe4 Rf8e8
13.Bc1e3 Qd5xe4
14.Qf3xe4 Re8xe4
15.Bf1d3 Re4e8
16.O-O Nf6d5
17.Be3d2 Nc6e5
18.Ra1e1 Bc8d7
19.Bd3c2 Ne5c4
20.Bd2c1 Nc4d6
21.Nh2f3 Re8xe1
22.Rf1xe1 Ra8e8
23.Nf3d4 Re8xe1
{ resign }
0-1

[Event "Match"]
[Site "www.echecsemail.com"]
[Date "2016.12.25"]
[Round "1"]
[White "Jobeye"]
[Black "Hundegana"]
[WhiteElo "2410"]
[BlackElo "2030"]
[Result "1-0"]
[Round "1"]
1.e4 c5
2.Ng1f3 d6
3.d4 g6
4.dxc5 Qd8a5
5.Nb1c3 Qa5xc5
6.Bc1e3 Qc5b4
7.Be3d4 f6
8.a3 Qb4a5
9.Bf1b5 Bc8d7
10.b4 Qa5d8
11.Bb5c4 e6
12.Nf3g5 d5
13.exd5 e5
14.Bd4xe5 fxe5
15.Nc3e4 h6
16.Ng5f3 Bf8g7
17.Ne4d6 Ke7
18.Nd6xb7 Qd8c7
19.d6 Qc7xd6
20.Qd1xd6 Ke8
21.O-O-O Nb8c6
22.Qd6xd7 Kf8
23.Qd7f7 { resign }
1-0

[Event "Match"]
[Site "www.echecsemail.com"]
[Date "2016.12.25"]
[Round "1"]
[White "Pariolinius"]
[Black "Autmich"]
[WhiteElo "1870"]
[BlackElo "999"]
[Result "0-1"]
[Round "1"]
1.d4 Ng8f6
2.Bc1g5 e6
3.Ng1f3 Nb8c6
4.e3 Bf8e7
5.Bf1d3 d5
6.Nb1d2 O-O
7.O-O h6
8.Bg5h4 Rf8e8
9.c3 Bc8d7
10.Rf1e1 Nc6b8
11.Nf3e5 c5
12.Ne5xd7 Nb8xd7
13.a3 Ra8c8
14.h3 Qd8b6
15.Ra1b1 cxd4
16.exd4 Be7f8
17.Qd1c2 Qb6c7
18.Bh4g3 Bf8d6
19.Bg3xd6 Qc7xd6
20.Nd2f3 e5
21.Nf3xe5 Nd7xe5
22.dxe5 Re8xe5
23.Qc2b3 b6
24.Kf1 Nf6e4
25.Rb1d1 Qd6e7
26.Bd3xe4 Re5xe4
27.Qb3xd5 Re4xe1
28.Rd1xe1 Qe7c7
29.Re1d1 Qc7h2
30.Qd5b7 Qh2h1
31.Ke2 Rc8e8
32.Kd2 Re8d8
{ resign }
0-1

[Event "Match"]
[Site "www.echecsemail.com"]
[Date "2016.12.25"]
[Round "1"]
[White "Fbeley"]
[Black "Servant"]
[WhiteElo "2000"]
[BlackElo "1690"]
[Result "1-0"]
[Round "1"]
1.e4 e5
2.Ng1f3 Nb8c6
3.Bf1c4 Bf8e7
4.c3 Ng8f6
5.d3 d6
6.b4 O-O
7.Qd1b3 Bc8g4
8.Rh1g1 a6
9.Nf3g5 Bg4h5
10.Bc1e3 Bh5g6
11.h4 h6
12.Ng5h3 b5
13.Bc4d5 Qd8d7
14.Nb1d2 Ra8b8
15.f4 Nf6g4
16.Ke2  { time }
1-0

[Event "Match"]
[Site "www.echecsemail.com"]
[Date "2016.12.25"]
[Round "1"]
[White "Iko"]
[Black "Raulazo"]
[WhiteElo "1690"]
[BlackElo "1890"]
[Result "0-1"]
[Round "1"]
1.e4 e5
2.Ng1f3 Nb8c6
3.Bf1b5 Nc6d4
4.Nf3xd4 exd4
5.b4 Bf8xb4
6.a3 Bb4c5
7.d3 Ng8f6
8.c3 c6
9.Bb5c4 O-O
10.e5 Nf6e8
11.Qd1g4 d6
12.Qg4g3 d5
13.Bc4b3 Bc8f5
14.c4 Ne8c7
15.Bc1g5 Bc5e7
16.Qg3f4 Bf5xd3
17.Qf4xd4 Bd3xb1
18.Bg5xe7 Qd8xe7
19.Ra1xb1 Nc7e6
20.cxd5 Ne6xd4
21.Bb3c4 Nd4c2
22.Kd2 Nc2xa3
23.Rb1a1 Na3xc4
24.Kc3 cxd5
25.Rh1d1 Qe7xe5
26.Kb4 a5
27.Kb5 Nc4d6
28.Kb6 Ra8a6
29.Kc7 Ra6c6
30.Kd7 Qe5e6

0-1

[Event "Match"]
[Site "www.echecsemail.com"]
[Date "2016.12.25"]
[Round "1"]
[White "Whitekknight"]
[Black "Sonny1000"]
[WhiteElo "1920"]
[BlackElo "1290"]
[Result "1-0"]
[Round "1"]
1.e4 e5
2.Ng1f3 Nb8c6
3.Bf1c4 Nc6d4
4.Nf3xe5 Bf8c5
5.Ne5xf7 Qd8f6
6.O-O g5
7.Nf7xh8 Qf6xh8
8.Qd1h5 Kf8
9.Qh5f7 { resign }
1-0

[Event "Match"]
[Site "www.echecsemail.com"]
[Date "2016.12.25"]
[Round "1"]
[White "Jesmantiz"]
[Black "Tonino1"]
[WhiteElo "2230"]
[BlackElo "2030"]
[Result "1-0"]
[Round "1"]
1.d4 Ng8f6
2.e3 g6
3.Bf1d3 Bf8g7
4.c4 O-O
5.Nb1c3 d6
6.f4 c6
7.Ng1f3 Qd8c7
8.e4 e5
9.fxe5 dxe5
10.d5 Nb8d7
11.O-O Rf8e8
12.Bd3c2 Bg7f8
13.a3 a5
14.Qd1e2 Bf8c5
15.Kh1 Nf6h5
16.g3 Nh5g7
17.Bc1h6 Nd7f8
18.Nf3g5 Re8e7
19.Qe2f3 Qc7d7
20.Ra1d1 Qd7g4
21.Nc3a4 Qg4xf3
22.Ng5xf3 Bc5a7
23.c5 cxd5
24.exd5 f6
25.Nf3d2 Bc8g4
26.Rd1e1 Bg4d7
27.Nd2e4 f5
28.Ne4f6 Kh8
29.Nf6xd7 Nf8xd7
30.b4 axb4
31.axb4 Ng7e8
32.Na4b2 Ne8g7
33.Nb2c4 b5
34.Bh6g5 Re7f7
35.Nc4d6 Rf7f8
36.Nd6xb5 Ba7b8
37.d6 Ng7e6
38.Bg5h6 Rf8c8
39.Bc2b3 Ne6f8
40.Bb3d5 Ra8a4
41.Re1b1 Nd7f6
42.Bd5b7 Rc8d8
43.Bh6g5 Kg7
44.Nb5c3 Ra4a7
45.Bb7g2 Rd8c8
46.Rb1a1 Ra7xa1
47.Rf1xa1 Bb8xd6
48.Bg5xf6 Kxf6
49.Nc3d5 Ke6
50.cxd6 e4
51.Ra1d1 Nf8d7
52.Nd5c7 { resign }
1-0

[Event "Match"]
[Site "www.echecsemail.com"]
[Date "2016.12.25"]
[Round "1"]
[White "Luke1302"]
[Black "Aiko1603"]
[WhiteElo "1499"]
[BlackElo "1499"]
[Result "0-1"]
[Round "1"]
1.e3 c5
2.Qd1e2 Nb8c6
3.g3 g6
4.Bf1g2 Bf8g7
5.b3 Bg7xa1
6.c3 d6
7.Nb1a3 a6
8.Bg2xc6 bxc6
9.Na3c2 Ba1xc3
10.dxc3 Qd8a5
11.a4 Qa5xc3
12.Kf1 a5
13.Qe2c4 Bc8a6
14.Nc2a3 Ba6xc4
15.bxc4 Qc3xc1
16.Kg2 Qc1xa3
17.Ng1f3 Qa3xa4
{ resign }
0-1

[Event "Match"]
[Site "www.echecsemail.com"]
[Date "2016.12.25"]
[Round "1"]
[White "Stevep84"]
[Black "Genius3"]
[WhiteElo "2220"]
[BlackElo "1650"]
[Result "1/2-1/2"]
[Round "1"]
1.e4 c5
2.Ng1f3 Nb8c6
3.d4 cxd4
4.Nf3xd4 Ng8f6
5.Nb1c3 e5
6.Nd4b5 d6
7.Nc3d5 Nf6xd5
8.exd5 Nc6e7
9.c4 Ne7g6
10.Bf1d3 Bf8e7
11.Bc1e3 a6
12.Nb5c3 O-O
13.O-O f5
14.f4 exf4
15.Be3xf4 Ng6xf4
16.Rf1xf4 Be7g5
17.Rf4f1 Bg5e3
18.Kh1 g6
19.Qd1f3 f4
20.Nc3d1 Bc8f5
21.Bd3xf5 Rf8xf5
22.Nd1xe3 fxe3
23.Qf3xe3 Qd8f6
24.Qe3e2 Ra8f8
25.Rf1e1 Rf5f2
26.Qe2e6 Qf6xe6
27.dxe6 Rf8e8
28.b3 Rf2f6
29.Kg1 Re8xe6
30.Re1xe6 Rf6xe6
31.Kf2 Kf7
32.Ra1e1 Re6xe1
33.Kxe1 Ke6
34.Ke2 b5
35.Ke3 bxc4
36.bxc4 Ke5
37.a4 a5
38.g3 g5
39.g4 h6
40.h3 d5
41.c5 d4
42.Kd3 Kd5
43.c6 Kxc6
44.Kxd4 Kd6
45.Kc4 Kc6
46.Kd4 Kd6
47.Kc4 { draw }
1/2-1/2

[Event "1/32 Finale"]
[Site "www.chess-mail.com"]
[Date "2016.12.25"]
[Round "1"]
[White "Fieldfast"]
[Black "Fabos12"]
[WhiteElo "2250"]
[BlackElo "2110"]
[Result "1-0"]
[Round "1"]
1.d4 d5
2.c4 Ng8f6
3.Ng1f3 Bc8f5
4.cxd5 Nf6xd5
5.Nb1c3 Bf5g6
6.e3 Nd5f6
7.Bf1d3 Nb8c6
8.O-O e6
9.h3 Bf8e7
10.Rf1e1 O-O
11.Bd3xg6 fxg6
12.e4 Be7b4
13.Qd1b3 Qd8e7
14.a3 Bb4xc3
15.bxc3 Ra8b8
16.a4 Nc6a5
17.Qb3b5 b6
18.Bc1a3 Qe7e8
19.Ba3xf8 Qe8xb5
20.axb5 Rb8xf8
21.Nf3e5 Rf8d8
22.f3 Nf6d7
23.Ne5c6 Na5xc6
24.bxc6 Nd7b8
25.Ra1xa7 Nb8xc6
26.Ra7xc7 Nc6a5
27.Re1b1 { resign }
1-0

[Event "Tourn. n9072"]
[Site "www.chess-mail.com"]
[Date "2016.12.26"]
[Round "1"]
[White "Fangshuo"]
[Black "Osopanda"]
[WhiteElo "2120"]
[BlackElo "2030"]
[Result "0-1"]
[Round "1"]
1.e4 c5
2.Ng1f3 d6
3.Nb1c3 Nb8c6
4.Bf1c4 e6
5.d4 cxd4
6.Nf3xd4 Ng8f6
7.Bc1g5 Bf8e7
8.O-O O-O
9.f4 a6
10.Nd4xc6 bxc6
11.Bg5xf6 Be7xf6
12.e5 dxe5
13.Bc4d3 exf4
14.Rf1xf4 g6
15.Qd1f3 Bf6xc3
16.bxc3 Bc8b7
17.Rf4g4 Qd8b6
18.Kh1 f5
19.Rg4b4 Qb6c7
20.Ra1b1 Bb7c8
21.h4 c5
22.Rb4a4 Bc8b7
23.Qf3e2 Bb7c6
24.Qe2xe6 Kg7
25.Ra4xa6 Ra8xa6
26.Bd3xa6 Rf8e8
27.Qe6b3 Qc7g3
28.Ba6f1 Re8e4
29.c4 Re4xh4
30.Kg1 Qg3h2
{ resign }
0-1

[Event "Tourn. n9149"]
[Site "www.chess-mail.com"]
[Date "2016.12.26"]
[Round "1"]
[White "Bojan"]
[Black "B0zata"]
[WhiteElo "2000"]
[BlackElo "2230"]
[Result "0-1"]
[Round "1"]
1.e4 c5
2.Bf1c4 e6
3.Ng1f3 Nb8c6
4.d4 cxd4
5.Nf3xd4 Bf8c5
6.Nd4xc6 bxc6
7.a3 Qd8h4
8.Qd1f3 d5
9.Bc4d3 dxe4
10.Bd3xe4 Bc5xf2
11.Kd1 Bc8d7
12.Rh1f1 Ng8f6
13.Rf1xf2 Qh4xe4
14.Qf3xe4 Nf6xe4
15.Rf2e2 f5
16.Nb1d2 Ne4xd2
17.Bc1xd2 Kf7
18.Bd2c3 Rh8d8
19.Bc3d4 Bd7e8
20.Re2d2 Rd8d7
21.Bd4e3 Rd7xd2
22.Kxd2 Ra8d8
23.Ke2 a6
24.c3 Kf6
25.h4 h6
26.b4 g5
27.g3 f4
28.Ra1f1 Be8h5
29.Ke1 Rd8d1
30.Kf2 Rd1xf1
{ resign }
0-1

[Event "Tourn. n9069"]
[Site "www.chess-mail.com"]
[Date "2016.12.26"]
[Round "1"]
[White "Guidom"]
[Black "Liencam2"]
[WhiteElo "2150"]
[BlackElo "2290"]
[Result "0-1"]
[Round "1"]
1.e4 c5
2.f4 d5
3.e5 Nb8c6
4.Ng1f3 Bc8g4
5.c3 e6
6.Bf1b5 Qd8b6
7.Bb5xc6 bxc6
8.d3 Bf8e7
9.Qd1b3 Bg4xf3
10.gxf3 Ng8h6
11.Nb1d2 Nh6f5
12.c4 d4
13.Nd2e4 Be7h4
14.Ke2 O-O
15.Rh1g1 Rf8b8
16.Qb3xb6 axb6
17.b3 Ra8a5
18.Bc1d2 Ra5a3
19.Rg1c1 Rb8a8
20.Rc1c2 Ra3xb3
21.axb3 Ra8xa1
22.b4 cxb4
23.Bd2xb4 Ra1h1
24.Bb4d2 Rh1xh2
25.Kd1 Rh2h1
26.Ke2 Rh1h2
27.Kf1 Nf5e3
28.Kg1 Ne3xc2
29.Kxh2 Bh4e1
30.Bd2xe1 Nc2xe1
31.Ne4f2 Ne1xf3
32.Kg2 Nf3h4
33.Kg3 Nh4f5
34.Kf3 h5
35.Ke4 Kf8
36.Nf2h3 f6
37.Nh3g1 h4
38.Ng1h3 Kf7
39.Kf3 Kg6
40.Kg4 b5
41.cxb5 cxb5
42.Nh3f2 Nf5e3
43.Kxh4 f5
44.Nf2h3 b4
45.Nh3g1 b3
46.Ng1f3 Ne3f1
47.Nf3xd4 b2
{ resign }
0-1

[Event "Tourn. n9114"]
[Site "www.chess-mail.com"]
[Date "2016.12.26"]
[Round "1"]
[White "Mancini"]
[Black "Autmich"]
[WhiteElo "1799"]
[BlackElo "1649"]
[Result "1-0"]
[Round "1"]
1.e4 e5
2.Nb1c3 Ng8f6
3.g3 Nb8c6
4.Bf1g2 Bf8e7
5.Ng1e2 d6
6.d4 exd4
7.Ne2xd4 Bc8d7
8.O-O O-O
9.Nd4f5 Bd7xf5
10.exf5 Ra8b8
11.g4 Nf6d7
12.Rf1e1 Rf8e8
13.g5 Nd7e5
14.f4 Ne5c4
15.f6 gxf6
16.Bg2d5 Nc4b6
17.Bd5xf7 Kxf7
18.Qd1h5 Kg8
19.g6 hxg6
20.Qh5xg6 Kh8
21.Re1e3 Qd8d7
22.Re3g3 Be7d8
23.Qg6h5 { resign }
1-0

[Event "Tourn. n9124"]
[Site "www.chess-mail.com"]
[Date "2016.12.26"]
[Round "1"]
[White "Madz123456"]
[Black "Nulladies"]
[WhiteElo "1620"]
[BlackElo "1890"]
[Result "1-0"]
[Round "1"]
1.e4 c5
2.d4 g6
3.dxc5 Qd8a5
4.Nb1c3 Qa5xc5
5.Bc1e3 Qc5b4
6.a3 Qb4xb2
7.Be3d4 { resign }
1-0

[Event "Tourn. n9077"]
[Site "www.chess-mail.com"]
[Date "2016.12.26"]
[Round "1"]
[White "Pwain"]
[Black "Ejner"]
[WhiteElo "2390"]
[BlackElo "2440"]
[Result "1/2-1/2"]
[Round "1"]
1.e4 e6
2.d4 d5
3.Nb1c3 Ng8f6
4.e5 Nf6d7
5.f4 c5
6.Ng1f3 Nb8c6
7.Bc1e3 cxd4
8.Nf3xd4 Qd8b6
9.Nc3b5 a6
10.Nd4f5 Bf8c5
11.Nb5d6 Kf8
12.Qd1h5 Nc6d8
13.Nf5xg7 Bc5xe3
14.Ng7xe6 fxe6
15.Qh5e8 Kg7
16.Qe8e7 Kg8
17.Qe7g5 Kf8
18.Qg5h6 Kg8
19.Qh6g5 { draw }
1/2-1/2

[Event "Tourn. n9121"]
[Site "www.chess-mail.com"]
[Date "2016.12.26"]
[Round "1"]
[White "Roohbakhsh"]
[Black "Urbe69"]
[WhiteElo "2190"]
[BlackElo "2049"]
[Result "0-1"]
[Round "1"]
1.d4 e6
2.c4 Bf8b4
3.Nb1c3 c5
4.Ng1f3 cxd4
5.Nf3xd4 Ng8f6
6.Qd1d3 O-O
7.e4 Nb8c6
8.Bc1g5 Nc6e5
9.Qd3c2 h6
10.Bg5h4 d6
11.O-O-O Bb4xc3
12.bxc3 Qd8e7
13.f4 Ne5g6
14.Bh4xf6 Qe7xf6
15.g3 Bc8d7
16.h4 a5
17.h5 Ng6e7
18.Nd4f3 a4
19.e5 Qf6f5
20.Rd1xd6 Qf5xc2
21.Kxc2 Rf8d8
22.Nf3d4 Ne7c8
{ resign }
0-1

[Event "Tourn. n9097"]
[Site "www.chess-mail.com"]
[Date "2016.12.26"]
[Round "1"]
[White "Ejner"]
[Black "Piekki"]
[WhiteElo "2410"]
[BlackElo "2290"]
[Result "1-0"]
[Round "1"]
1.d4 Ng8f6
2.c4 e6
3.Nb1c3 Bf8b4
4.Qd1c2 O-O
5.a3 Bb4xc3
6.Qc2xc3 b6
7.Bc1g5 Bc8b7
8.e3  { time }
1-0

[Event "Match"]
[Site "www.echecsemail.com"]
[Date "2016.12.26"]
[Round "1"]
[White "Gambitmiau"]
[Black "Orae"]
[WhiteElo "1910"]
[BlackElo "1710"]
[Result "1-0"]
[Round "1"]
1.e4 e5
2.d4 exd4
3.c3 dxc3
4.Bf1c4 Qd8e7
5.Qd1f3 cxb2
6.Bc1xb2 Ng8f6
7.Nb1d2 Qe7b4
8.Bb2c3 Qb4e7
9.Ng1h3 d5
10.Bc4b5 c6
11.Bc3xf6 gxf6
12.Bb5a4 Bc8xh3
13.Qf3xh3 Nb8d7
14.O-O O-O-O
15.exd5 Qe7a3
16.Qh3xa3 Bf8xa3
17.dxc6 Nd7c5
18.cxb7 Kxb7
19.Nd2c4 Nc5xa4
20.Nc4xa3 Rd8d5
21.Ra1b1 Ka8
22.Na3b5 Rd5d2
23.Nb5c7 { resign }
1-0

[Event "Match"]
[Site "www.echecsemail.com"]
[Date "2016.12.26"]
[Round "1"]
[White "Osvalazo"]
[Black "Hundegana"]
[WhiteElo "1850"]
[BlackElo "1980"]
[Result "0-1"]
[Round "1"]
1.Ng1f3 g6
2.Nb1c3 Bf8g7
3.e4 c6
4.Nf3g5 h6
5.Ng5xf7 Kxf7
6.Bf1c4 e6
7.Qd1f3 Qd8f6
8.e5 Qf6xf3
9.gxf3 Bg7xe5
10.d3 Ng8e7
11.Bc1d2 d5
12.Bc4b3 Nb8d7
13.O-O-O a5
14.a4 b6
15.Nc3e2 b5
16.f4 Be5g7
17.h4 h5
18.d4 Ne7f5
19.c3 c5
20.Bb3c2 cxd4
21.Bc2xf5 exf5
22.Rh1h3 bxa4
23.Rh3d3 Bc8a6
24.Rd3g3 Ba6xe2
25.Rd1e1 d3
26.Re1g1 Be2g4
27.f3 d4
28.fxg4 hxg4
29.Rg3xd3 Rh8xh4
30.Bd2e1 Rh4h3
31.Rd3d2 Nd7c5
32.Kc2 dxc3
33.bxc3 Rh3xc3
34.Kb1 Ra8b8
35.Ka2 Rb8b3
36.Rd2d5 Rc3c2
{ resign }
0-1

[Event "Match"]
[Site "www.echecsemail.com"]
[Date "2016.12.26"]
[Round "1"]
[White "Canario"]
[Black "Coraza"]
[WhiteElo "1830"]
[BlackElo "1830"]
[Result "1/2-1/2"]
[Round "1"]
1.e4 e5
2.Ng1f3 Nb8c6
3.Nb1c3 Ng8f6
4.Bf1c4 h6
5.d3 Bf8b4
6.Bc1d2 Bb4xc3
7.Bd2xc3 O-O
8.Bc3xe5 Qd8e7
9.Be5xc7 d6
10.Bc7xd6 Qe7xd6
11.O-O Bc8g4
12.h3 Bg4e6
13.Bc4xe6 fxe6
14.Rf1e1 Nf6h7
15.Qd1d2 Nh7f6
16.e5 Qd6b4
17.Qd2xb4 Nc6xb4
18.Re1e2 Nf6h5
19.c3 Nb4xd3
20.b4 Nd3f4
21.Re2d2 Ra8c8
22.Ra1c1 Nf4d5
23.Nf3d4 Rc8e8
24.g3 g5
25.a3 a6
26.Nd4b3 b6
27.c4 Nd5e7
28.Rd2d6 Ne7c8
29.Rd6d7 Nh5g7
30.g4 Nc8e7
31.Rc1d1 Ne7c6
32.Rd1e1 Nc6b8
33.Rd7d6 Re8e7
34.Rd6xb6 Re7a7
35.Nb3c5 a5
36.b5 Ra7f7
37.Nc5e4 Nb8d7
38.Rb6a6 Rf7f4
39.b6 Nd7b8
40.Ra6xa5 Nb8c6
41.Ra5b5 Nc6d4
42.Rb5c5 Nd4f3
43.Kf1 Nf3d2
44.Ne4xd2 Rf4xf2
45.Kg1 Rf2xd2
46.b7 Kh7
47.Rc5c8 Rd2d8
48.Rc8c7 Kg6
49.c5 Rd8b8
50.c6 h5
51.Rc7e7 hxg4
52.hxg4 Rf8f4
53.c7 Rf4xg4
54.Kf2 Rb8f8
55.Ke2 Rg4g2
56.Ke3 Ng7f5
57.Kf3 Rg2g3
58.Kf2 Nf5xe7
59.Kxg3 Ne7f5
60.Kg4 Nf5h6
61.Kg3 Nh6f5
62.Kg4 Nf5h6
{ draw }
1/2-1/2

[Event "Eq:SIETE ESTRELLAS VERDES-Equipo Juan Diaz : "]
[Site "www.chess-mail.com"]
[Date "2016.12.26"]
[Round "1"]
[White "Ilusion"]
[Black "Caspito"]
[WhiteElo "2180"]
[BlackElo "1880"]
[Result "1-0"]
[Round "1"]
1.d4 g6
2.c4 d5
3.cxd5 Qd8xd5
4.Nb1c3 Qd5d8
5.Ng1f3 e6
6.e4 Bf8b4
7.Bf1c4 Nb8c6
8.O-O Ng8f6
9.d5 Nc6a5
10.Qd1a4 Na5c6
11.dxc6 O-O
12.Qa4xb4 bxc6
13.Bc1g5 { resign }
1-0

[Event "Fast Game"]
[Site "www.echecsemail.com"]
[Date "2016.12.26"]
[Round "1"]
[White "Ozana"]
[Black "Attatroll"]
[WhiteElo "1769"]
[BlackElo "1870"]
[Result "1-0"]
[Round "1"]
1.Ng1f3 c5
2.c4 Nb8c6
3.Nb1c3 e6
4.d4 cxd4
5.Nf3xd4 Ng8f6
6.g3 Bf8b4
7.Bf1g2 O-O
8.O-O Bb4xc3
9.bxc3 a6
10.Bc1a3 Rf8e8
11.Ba3d6 Qd8a5
12.Qd1c2 h6
13.Rf1d1 Nc6e5
14.Nd4b3 Qa5d8
15.Bd6xe5 { resign }
1-0